| 000 | 00698aam a2200241 4500 | ||
|---|---|---|---|
| 005 | 20230302151505.0 | ||
| 008 | 150310b2012 xxu||||| |||| 00| 0 spa d | ||
| 041 | _aESP | ||
| 082 | _a657.42 V434c | ||
| 100 |
_aVelásquez Álvarez, Jorge _970234 |
||
| 245 | _aContabilidad de costos: una forma de ordenar el proceso | ||
| 260 |
_aCosta Rica _bEUNA _c2012 |
||
| 300 | _a231 páginas | ||
| 650 |
_aCONTABILIDAD DE COSTOS _970235 |
||
| 650 |
_aCOSTOS _970236 |
||
| 650 |
_aADMINISTRACIÓN _970237 |
||
| 650 |
_aPLANEACIÓN CONTROL _970238 |
||
| 650 |
_aACUMULACIÓN DE COSTOS _970239 |
||
| 650 |
_aSISTEMAS DE COSTOS _970240 |
||
| 650 |
_aCOSTEO VARIABLE _970241 |
||
| 692 | _CDAE | ||
| 942 | _cBK | ||
| 999 |
_c3114 _d3114 |
||